| 000 | 00522nam a2200157 i 4500 | ||
|---|---|---|---|
| 001 | 38974 | ||
| 003 | ES-MaACL | ||
| 005 | 20230906155849.0 | ||
| 007 | t| | ||
| 008 | 030226s1927 sp ||||1| spa d | ||
| 100 | 1 |
_aCampos y Pulido, José María. _934290 |
|
| 245 | 1 | 0 |
_aDerecho canónico _b: obra ajustada al programa de oposiciones a la carrera fiscal publicado el 16 de noviembre de 1962 / _cJosé María Campos y Pulido. |
| 260 |
_aMadrid : _bReus, _c1927. |
||
| 300 |
_a232 p. ; _c22 cm. |
||
| 852 |
_aES-MaACL _jA-605 |
||
| 999 |
_c38974 _d38974 |
||